000
00283nam a2200121Ia 4500
008
191201s2007 xx 000 0 und d
100
_a
GUPTA, AK
245
0
_a
Management Information Systems
260
_a
N. Delhi
_b
S Chand
_c
2007
300
_a
336+8
650
_a
MBA
942
_2
ddc
_c
BK
999
_c
133
_d
133